Innovation management scientific monograph

Salvato in:
Dettagli Bibliografici
Altri autori: Ferencz, Vojtech, Dugas, Jaroslav, 1967-, Prividi, Dagmar, Szlávik, János, Mihok, Jozef, Kádek, István
Natura: Libro
Lingua:inglese
Pubblicazione: Eger EKC Líceum Publishing Company 2012
Soggetti:
Tags: Aggiungi Tag
Nessun Tag, puoi essere il primo ad aggiungerne!!

MARC

LEADER 00000nam a2200000 4500
001 0165638
005 20240502083405.5
020 |a 978-615-5250-12-5 
041 0 |a eng 
044 |a HU 
245 1 0 |a Innovation management  |b scientific monograph  |c scientific editorial Vojtech Ferencz, Jaroslav Dugas, Dagmar Prividi, János Szlávik 
264 1 |a Eger  |b EKC Líceum Publishing Company  |c 2012 
300 |a 207 s. 
610 2 0 |a manažment inovačný 
610 2 0 |a modelovanie 
610 2 0 |a rozhodovanie 
610 2 0 |a inovácia 
610 2 0 |a kvalita 
610 2 0 |a marketing 
610 2 0 |a stratégia marketingová 
610 2 0 |a technológie nové 
610 2 0 |a konkurencia 
700 1 |a Ferencz, Vojtech 
700 1 |a Dugas, Jaroslav, 1967- 
700 1 |a Prividi, Dagmar 
700 1 |a Szlávik, János 
700 1 |a Mihok, Jozef 
700 1 |a Kádek, István